|
|
|
|
| LEADER |
00000naa2a2200000 4500 |
| 001 |
243091 |
| 005 |
20251216160651.0 |
| 035 |
|
|
|a (RuTPU)RU\TPU\book\264427
|
| 035 |
|
|
|a RU\TPU\book\264424
|
| 090 |
|
|
|a 243091
|
| 100 |
|
|
|a 20130918d2013 k y0rusy50 ca
|
| 101 |
0 |
|
|a rus
|
| 102 |
|
|
|a RU
|
| 135 |
|
|
|a drnn ---uucaa
|
| 181 |
|
0 |
|a i
|
| 182 |
|
0 |
|a b
|
| 200 |
1 |
|
|a Влияние кручения под квазигидростатическим давлением на структуру и механические свойства низкоуглеродистой стали 06МБФ
|f В. С. Кошовкина, Г. Г. Майер
|g науч. рук. Е. Г. Астафурова
|
| 203 |
|
|
|a Текст
|c электронный
|
| 225 |
1 |
|
|a Материаловедение
|
| 300 |
|
|
|a Заглавие с титульного экрана
|
| 320 |
|
|
|a [Библиогр.: с. 77 (4 назв.)]
|
| 337 |
|
|
|a Adobe Reader
|
| 461 |
|
1 |
|0 (RuTPU)RU\TPU\book\263794
|t Современные техника и технологии
|o сборник трудов XIX международной научно-практической конференции студентов, аспирантов и молодых ученых, Томск, 15-19 апреля 2013 г.
|o в 3 т.
|f Национальный исследовательский Томский политехнический университет (ТПУ)
|d 2013
|
| 463 |
|
1 |
|0 (RuTPU)RU\TPU\book\263797
|t Т. 2
|v [С. 76-77]
|d 2013
|
| 610 |
1 |
|
|a труды учёных ТПУ
|
| 610 |
1 |
|
|a электронный ресурс
|
| 610 |
1 |
|
|a кручение
|
| 610 |
1 |
|
|a квазигидростатическое давление
|
| 610 |
1 |
|
|a структура
|
| 610 |
1 |
|
|a механические свойства
|
| 610 |
1 |
|
|a низкоуглеродистые стали
|
| 700 |
|
1 |
|a Кошовкина
|b В. С.
|c физик
|c техник Томского политехнического университета
|f 1992-
|g Вера Сергеевна
|3 (RuTPU)RU\TPU\pers\34939
|
| 701 |
|
1 |
|a Майер
|b Г. Г.
|c специалист в области материаловедения
|c младший научный сотрудник Томского политехнического университета
|g Галина Геннадьевна
|3 (RuTPU)RU\TPU\pers\30666
|
| 702 |
|
1 |
|a Астафурова
|b Е. Г.
|c химик
|c младший научный сотрудник Томского политехнического университета, кандидат физико-математических наук
|f 1977-
|g Елена Геннадьевна
|3 (RuTPU)RU\TPU\pers\30665
|4 727
|
| 801 |
|
2 |
|a RU
|b 63413507
|c 20220316
|g RCR
|
| 856 |
4 |
|
|u http://www.lib.tpu.ru/fulltext/c/2013/C01/V2/037.pdf
|
| 942 |
|
|
|c CF
|